|
|
|
|
| LEADER |
02395nam a2200541 i 4500 |
| 001 |
EBC5516703 |
| 003 |
MiAaPQ |
| 005 |
20200520144314.0 |
| 006 |
m o d | |
| 007 |
cr cnu|||||||| |
| 008 |
181002s2018 gw ob 001 0 eng d |
| 020 |
|
|
|z 9783110569728
|
| 020 |
|
|
|a 9783110571042 (e-book)
|
| 020 |
|
|
|a 9783110572001 (e-book)
|
| 035 |
|
|
|a (MiAaPQ)EBC5516703
|
| 035 |
|
|
|a (Au-PeEL)EBL5516703
|
| 035 |
|
|
|a (CaPaEBR)ebr11610568
|
| 035 |
|
|
|a (OCoLC)1049625618
|
| 040 |
|
|
|a MiAaPQ
|b eng
|e rda
|e pn
|c MiAaPQ
|d MiAaPQ
|
| 043 |
|
|
|a e-gx---
|
| 050 |
|
4 |
|a PT167
|b .W658 2018
|
| 082 |
0 |
|
|a 830.99287
|2 23
|
| 245 |
0 |
0 |
|a Women writing war :
|b from German colonialism through World War I /
|c edited by Katharina von Hammerstein, Barbara Kosta, Julie Shoults.
|
| 264 |
|
1 |
|a Berlin ;
|a Boston :
|b De Gruyter,
|c [2018]
|
| 264 |
|
4 |
|c 2018
|
| 300 |
|
|
|a 1 online resource (348 pages).
|
| 336 |
|
|
|a text
|b txt
|2 rdacontent
|
| 337 |
|
|
|a computer
|b c
|2 rdamedia
|
| 338 |
|
|
|a online resource
|b cr
|2 rdacarrier
|
| 490 |
1 |
|
|a Interdisciplinary German cultural studies ;
|v Volume 24
|
| 504 |
|
|
|a Includes bibliographical references and index.
|
| 588 |
|
|
|a Description based on print version record.
|
| 590 |
|
|
|a Electronic reproduction. Ann Arbor, MI : ProQuest, 2018. Available via World Wide Web. Access may be limited to ProQuest affiliated libraries.
|
| 650 |
|
0 |
|a Colonies in literature.
|
| 650 |
|
0 |
|a World War, 1914-1918
|z Germany
|x Literature and the war.
|
| 650 |
|
0 |
|a German literature
|y 19th century
|x History and criticism.
|
| 650 |
|
0 |
|a German literature
|y 20th century
|x History and criticism.
|
| 650 |
|
0 |
|a German literature
|x Women authors
|x History and criticism.
|
| 650 |
|
0 |
|a National characteristics, German, in literature.
|
| 651 |
|
0 |
|a Germany
|x Colonies.
|
| 655 |
|
4 |
|a Electronic books.
|
| 700 |
1 |
|
|a Von Hammerstein, Katharina,
|e editor.
|
| 700 |
1 |
|
|a Kosta, Barbara,
|e editor.
|
| 700 |
1 |
|
|a Shoults, Julie,
|e editor.
|
| 776 |
0 |
8 |
|i Print version:
|t Women writing war : from German colonialism through World War I.
|d Berlin ; Boston : De Gruyter, c2018
|h 348 pages
|k Interdisciplinary German cultural studies ; Volume 24.
|z 9783110569728
|w (DLC) 2018032544
|
| 797 |
2 |
|
|a ProQuest (Firm)
|
| 830 |
|
0 |
|a Interdisciplinary German cultural studies ;
|v Volume 24.
|
| 856 |
4 |
0 |
|u https://ebookcentral.proquest.com/lib/matrademy/detail.action?docID=5516703
|z Click to View
|